|
|
|
|
| LEADER |
00826nam a2200181Ia 4500 |
| 008 |
150624b xxu||||| |||| 00| 0 eng d |
| 020 |
|
|
|a 8187478438
|
| 020 |
|
|
|a 8187478438
|
| 100 |
|
|
|a Shashi Tharoor
|
| 245 |
|
|
|a Kerala God's own country /
|c Shashi Tharoor
|
| 260 |
|
|
|a New Delhi :
|b Books Today,
|c 2003.
|
| 300 |
|
|
|a 57 p.
|
| 505 |
|
|
|a 1. God's own country 2. Essential Kerala.
|
| 942 |
|
|
|c REF
|
| 999 |
|
|
|c 54506
|d 54506
|
| 952 |
|
|
|0 0
|1 0
|4 0
|6 759_000000000000000_954H_SHA_K
|7 0
|9 54484
|a UL
|b UL
|c CR
|d 2012-10-27
|l 0
|o 759.954H SHA/K
|p 78194
|r 2012-10-27
|y REF
|
| 952 |
|
|
|0 0
|1 0
|4 0
|6 759_000000000000000_954H_SHA_K
|7 0
|9 54510
|a UL
|b UL
|c CR
|d 2012-10-27
|l 0
|o 759.954H SHA/K
|p 78223
|r 2012-10-27
|w 2012-10-27
|y REF
|
| 952 |
|
|
|0 0
|1 0
|4 0
|6 759_000000000000000_954H_SHA_K
|7 0
|9 54511
|a UL
|b UL
|c CR
|d 2012-10-27
|l 0
|o 759.954H SHA/K
|p 78224
|r 2012-10-27
|w 2012-10-27
|y REF
|